Normal view MARC view

Entry Personal Name

Number of records used in: 1

001 - CONTROL NUMBER

  • control field: 16671

003 - CONTROL NUMBER IDENTIFIER

  • control field: OSt

005 - DATE AND TIME OF LATEST TRANSACTION

  • control field: 20231002062507.0

008 - FIXED-LENGTH DATA ELEMENTS

  • fixed length control field: 231002|| aca||aabn | a|a d

040 ## - CATALOGING SOURCE

  • Original cataloging agency: OSt
  • Transcribing agency: OSt

100 ## - HEADING--PERSONAL NAME

  • Personal name: Izzo, Joseph L

670 ## - SOURCE DATA FOUND

  • Source citation: Work cat.: (OSt)8166: Joseph L. Izzo, Jr. and Henry R. Black, editors ; Kathryn A. Taubert, executive editor. 16670, Hypertension primer :, c1999.